Normal view MARC view
  • Beecher, Judith A

Entry Personal Name

Number of records used in: 1

001 - CONTROL NUMBER

  • control field: 102566

003 - CONTROL NUMBER IDENTIFIER

  • control field: NUST

005 - DATE AND TIME OF LATEST TRANSACTION

  • control field: 20221111113734.0

008 - FIXED-LENGTH DATA ELEMENTS

  • fixed length control field: 221111|| aca||aabn | a|a d

040 ## - CATALOGING SOURCE

  • Original cataloging agency: NUST
  • Transcribing agency: NUST

100 ## - HEADING--PERSONAL NAME

  • Personal name: Beecher, Judith A

670 ## - SOURCE DATA FOUND

  • Source citation: Work cat.: (NUST)181988: Bittinger, Marvin L. 102565, Algebra and trigonometry /, c1991
© 2023 Central Library, National University of Sciences and Technology. All Rights Reserved.